Obligations of employers under labour laws / (Record no. 42489)

MARC details
000 -LEADER
fixed length control field 00775nam a22002177a 4500
005 - DATE AND TIME OF LATEST TRANSACTION
control field 20100818155522.0
010 ## - LCCN (DPL NO)
LC control number ENG-100868
020 ## - INTERNATIONAL STANDARD BOOK NUMBER
International Standard Book Number 9788175348882
Terms of availability 360.00
035 ## - SYSTEM CONTROL NUMBER
System control number EN-84401
037 ## - SOURCE OF ACQUISITION
Source of stock number/acquisition DBAD/PUB
082 ## - DEWEY DECIMAL CLASSIFICATION NUMBER
Classification number 345.42041
100 ## - MAIN ENTRY--PERSONAL NAME
Personal name H L Kumar
245 ## - TITLE STATEMENT
Title Obligations of employers under labour laws /
Statement of responsibility, etc by H L Kumar
250 ## - EDITION STATEMENT
Edition statement 6th ed.
260 ## - PUBLICATION, DISTRIBUTION, ETC. (IMPRINT)
Place of publication, distribution, etc New Delhi
Name of publisher, distributor, etc Universal Law Publishing
Date of publication, distribution, etc 2010
270 ## - ADDRESS
Address C-FF-1A Dilkhush Industrial Estate G T Karnal Road
City New Delhi
Postal code 110033
300 ## - PHYSICAL DESCRIPTION
Extent xl,376p
Dimensions 21cm(pbk)
500 ## - GENERAL NOTE
General note includes index
942 ## - ADDED ENTRY ELEMENTS (KOHA)
Source of classification or shelving scheme Dewey Decimal Classification
Item type English Books
Classification part 345.42041
Call number suffix HLK
Holdings
Withdrawn status Lost status Not for loan Collection code Home library Current library Date acquired Source of acquisition Cost, normal purchase price Full call number Barcode Copy number Cost, replacement price Koha item type
    Not For Loan Non-fiction D.B.Act.Division D.B.Act.Division 18/08/2010 DBAD/PUB 360.00 345.42041 HLK EN-84401 1 360.00 English Books

© Delhi Public Library
Hit Counter
free hit counter